كتاب القراءه / (رقم التسجيلة. 35160)

تفاصيل مارك
000 -LEADER
fixed length control field 00600nam a22001937a 4500
005 - DATE AND TIME OF LATEST TRANSACTION
control field 20251108165930.0
008 - FIXED-LENGTH DATA ELEMENTS--GENERAL INFORMATION
fixed length control field 250721s1999 xx 000 0 ara d
082 14 - DEWEY DECIMAL CLASSIFICATION NUMBER
Classification number ط/372.4/داهـ
100 1# - MAIN ENTRY--PERSONAL NAME
Personal name داهلباك، هيلينا
Relator term مؤلف
245 10 - TITLE STATEMENT
Title كتاب القراءه /
264 1# - PRODUCTION, PUBLICATION, DISTRIBUTION, MANUFACTURE, AND COPYRIGHT NOTICE
Place of production, publication, distribution, manufacture ستوكهولم :
Name of producer, publisher, distributor, manufacturer دار المني،
Date of production, publication, distribution, manufacture, or copyright notice 1999.
300 ## - PHYSICAL DESCRIPTION
Extent 25ص.
490 0# - SERIES STATEMENT
Series statement هذا كتابي
650 17 - SUBJECT ADDED ENTRY--TOPICAL TERM
Topical term or geographic name as entry element القراءة
653 ## - INDEX TERM--UNCONTROLLED
Uncontrolled term اطفال ما قبل المدرسة (0-5) سنوات
700 1# - ADDED ENTRY--PERSONAL NAME
Personal name هينينغ، مني زريقات
Relator term ترجمة
942 ## - ADDED ENTRY ELEMENTS (KOHA)
Source of classification or shelving scheme Dewey Decimal Classification
Koha item type كتب
المقتنيات
حالة السحب حالة الفقدان مصدر التصنيف حالة التلف غير قابل للإعارة المكتبة الرئيسية المكتبة الحالية موقع الرف تاريخ التزويد الرقم المتسلسل Total Checkouts رقم الإستدعاء تاريخ آخر ظهور تاريخ الفاتورة نوع المادة (كوها) الباركود
    Dewey Decimal Classification     المكتبة المركزية المكتبة المركزية الأطفال 31/01/2012 1509020   ط/372.4/داهـ 28/07/2025 31/01/2012 كتب PLD00238648
    Dewey Decimal Classification     المكتبة المركزية المكتبة المركزية الأطفال 04/08/2022 1767193   ط/372.4/داهـ 28/07/2025 04/08/2022 كتب PLD00498175
    Dewey Decimal Classification Unchecked   مكتبة أم قصير والمقابلين العامة مكتبة أم قصير والمقابلين العامة الأطفال 06/07/2004 346437   ط/372.4/داهـ 28/07/2025 06/07/2004 كتب  
    Dewey Decimal Classification Unchecked   مكتبة الاميرة بديعة مكتبة الاميرة بديعة الأطفال 06/07/2004 346432   ط/372.4/داهـ 28/07/2025 06/07/2004 كتب  
    Dewey Decimal Classification     مكتبة الحسن العامة مكتبة الحسن العامة الأطفال 07/05/2019 346434   ط/372.4/داهـ 28/07/2025 07/05/2019 كتب PLD00452537
    Dewey Decimal Classification     مكتبة الراية الهاشمية للأطفال مكتبة الراية الهاشمية للأطفال الأطفال 28/07/2025 346446   ط/372.4/داهـ 28/07/2025 28/07/2025 كتب 346446
    Dewey Decimal Classification     مكتبة بدر الجديدة للأطفال مكتبة بدر الجديدة للأطفال الأطفال 09/07/2015 346428   ط/372.4/داهـ 28/07/2025 09/07/2015 كتب PLD00337009
    Dewey Decimal Classification Unchecked   مكتبة بدر للأطفال مكتبة بدر للأطفال الأطفال 06/07/2004 346443   ط/372.4/داهـ 28/07/2025 06/07/2004 كتب  
    Dewey Decimal Classification Unchecked   مكتبة حمزة العامة مكتبة حمزة العامة الأطفال 06/07/2004 346435   ط/372.4/داهـ 28/07/2025 06/07/2004 كتب  
    Dewey Decimal Classification     مكتبة صويلح العامة مكتبة صويلح العامة الأطفال 06/07/2004 346430   ط/372.4/داهـ 28/07/2025 06/07/2004 كتب 346430
    Dewey Decimal Classification     مكتبة وادي السير العامة مكتبة وادي السير العامة الأطفال 13/10/2015 246439.   ط/372.4/داهـ 28/07/2025 13/10/2015 كتب PLD00355484
Implemented & Customized by: BBB with SCIT (Smart Chains for Information Technology)

Powered by Koha